| 000 | 00667nam a2200265Ia 4500 | ||
|---|---|---|---|
| 003 | OSt | ||
| 005 | 20231016164814.0 | ||
| 008 | 210210b1892 xxu||||| |||| 00| 0 eng d | ||
| 040 | _cAL | ||
| 041 | _aeng | ||
| 082 | _a823/307 | ||
| 100 |
_aSHAKESPEARE (William) _9138213 |
||
| 245 | _aMuch ado about nothing: the tempest | ||
| 260 |
_aLondon _bJ B Lippincott Company., _c1892 |
||
| 650 |
_athe _9138214 |
||
| 650 |
_atempest _9138215 |
||
| 650 |
_anothing: _9138216 |
||
| 650 |
_anothing _9138216 |
||
| 650 |
_aMuch _9138217 |
||
| 650 |
_aado _9138218 |
||
| 650 |
_aabout _9138219 |
||
| 690 |
_aEnglish Drama _9138220 |
||
| 906 | _a013851 | ||
| 942 |
_2ddc _cBK |
||
| 999 |
_c132919 _d132919 |
||